भारतीय संस्कृति की भूमिका / (Record no. 16949)
[ view plain ]
| 000 -LEADER | |
|---|---|
| fixed length control field | 03112nam a22003617a 4500 |
| 005 - DATE AND TIME OF LATEST TRANSACTION | |
| control field | 20081021100252.0 |
| 008 - FIXED-LENGTH DATA ELEMENTS--GENERAL INFORMATION | |
| fixed length control field | 081021t xxu||||| |||| 00| 0 hin d |
| 010 ## - LCCN (DPL NO) | |
| LC control number | HIN-84476 B-326440-446 |
| 020 ## - INTERNATIONAL STANDARD BOOK NUMBER | |
| International Standard Book Number | 9788171246250 |
| Terms of availability | 250.00 |
| 035 ## - SYSTEM CONTROL NUMBER | |
| System control number | HN-56822 |
| 035 ## - SYSTEM CONTROL NUMBER | |
| System control number | B-326440-446 |
| 037 ## - SOURCE OF ACQUISITION | |
| Source of stock number/acquisition | DBAD / PUB |
| 040 ## - CATALOGING SOURCE | |
| Original cataloging agency | DPL |
| Language of cataloging | HN |
| 082 ## - DEWEY DECIMAL CLASSIFICATION NUMBER | |
| Classification number | 306.0954 |
| 100 ## - MAIN ENTRY--PERSONAL NAME | |
| Personal name | दीक्षित, हृदयनारायण |
| 245 ## - TITLE STATEMENT | |
| Title | भारतीय संस्कृति की भूमिका / |
| Statement of responsibility, etc | हृदयनारायण दीक्षित |
| 246 ## - VARYING FORM OF TITLE | |
| Title proper/short title | Bhartiya sanskriti kii bhumikaa |
| Remainder of title | by Hridyanarayan Dikshit |
| 260 ## - PUBLICATION, DISTRIBUTION, ETC. (IMPRINT) | |
| Place of publication, distribution, etc | वाराणसी |
| Name of publisher, distributor, etc | विश्वविद्यालय प्रकाशन |
| Date of publication, distribution, etc | 2008 |
| 270 ## - ADDRESS | |
| Address | पो. बा. 1149, विसालाक्षी भवन, चौक |
| City | वाराणसी |
| Postal code | 221001 |
| Telephone number | 0542 2413741 |
| Electronic mail address | sales@vvpbooks.com |
| 300 ## - PHYSICAL DESCRIPTION | |
| Extent | 219पृ |
| Dimensions | 22सेमी (सजिल्द) |
| 651 ## - SUBJECT ADDED ENTRY--GEOGRAPHIC NAME | |
| Geographic name | भारत |
| General subdivision | सभ्यता |
| 651 ## - SUBJECT ADDED ENTRY--GEOGRAPHIC NAME | |
| Geographic name | India |
| General subdivision | Civilization |
| 942 ## - ADDED ENTRY ELEMENTS (KOHA) | |
| Source of classification or shelving scheme | Dewey Decimal Classification |
| Item type | Hindi Books |
| Call number suffix | दीक्षित |
| Classification part | 306.0954 |
| Withdrawn status | Lost status | Source of classification or shelving scheme | Damaged status | Not for loan | Collection code | Home library | Current library | Date acquired | Source of acquisition | Cost, normal purchase price | Total Checkouts | Full call number | Barcode | Date last seen | Copy number | Cost, replacement price | Koha item type | Total Renewals |
|---|---|---|---|---|---|---|---|---|---|---|---|---|---|---|---|---|---|---|
| Dewey Decimal Classification | Non-fiction | Central Library | Central Library | 08/08/2009 | 9537/25.3.09/733/13.3.09/25.3.09 | 250.00 | 306.0954 दीक्षित | B-326440 | 08/08/2009 | 1 | 250.00 | Hindi Books | ||||||
| Dewey Decimal Classification | Not For Loan | Non-fiction | D.B.Act.Division | D.B.Act.Division | 21/10/2008 | DBAD / PUB | 250.00 | 306.0954 दीक्षित | HN-56822 | 21/10/2008 | 1 | 250.00 | Hindi Books | |||||
| Dewey Decimal Classification | Non-fiction | Karol Bagh | Karol Bagh | 08/08/2009 | 9537/25.3.09/733/13.3.09/25.3.09 | 250.00 | 306.0954 दीक्षित | B-326445 | 08/08/2009 | 1 | 250.00 | Hindi Books | ||||||
| Dewey Decimal Classification | Non-fiction | Mobile Library | Mobile Library | 08/08/2009 | 9537/25.3.09/733/13.3.09/25.3.09 | 250.00 | 306.0954 दीक्षित | B-326441 | 08/08/2009 | 2 | 250.00 | Hindi Books | ||||||
| Dewey Decimal Classification | Non-fiction | Mobile Library | Mobile Library | 08/08/2009 | 9537/25.3.09/733/13.3.09/25.3.09 | 250.00 | 306.0954 दीक्षित | B-326442 | 08/08/2009 | 2 | 250.00 | Hindi Books | ||||||
| Dewey Decimal Classification | Non-fiction | Patel Nagar | Patel Nagar | 08/08/2009 | 9537/25.3.09/733/13.3.09/25.3.09 | 250.00 | 4 | 306.0954 दीक्षित | B-326443 | 09/03/2026 | 1 | 250.00 | Hindi Books | 1 | ||||
| Dewey Decimal Classification | Non-fiction | Sarojini Nagar | Sarojini Nagar | 08/08/2009 | 9537/25.3.09/733/13.3.09/25.3.09 | 250.00 | 2 | 306.0954 दीक्षित | B-326444 | 18/08/2022 | 1 | 250.00 | Hindi Books | |||||
| Dewey Decimal Classification | Non-fiction | Shahdara Branch | Shahdara Branch | 08/08/2009 | 9537/25.3.09/733/13.3.09/25.3.09 | 250.00 | 306.0954 दीक्षित | B-326446 | 08/08/2009 | 1 | 250.00 | Hindi Books |
